000 00498nmm a2200157Ia 4500
008 251105s9999||||xx |||||||||||||||||und||
020 _a9789580613213
041 _aspa
100 _aLondoño, John
245 0 _aEspejos de noviembre :
_b Novela basada en la toma del Palacio de Justicicia de Colombia
264 _a[Bogotá, Colombia] :
_bOveja Negra,
_c2015
300 _a237 páginas
650 _aHistorical fiction
856 _uhttps://public.digitaliapublishing.com/a/39848
942 _cCF
999 _c94965
_d94965